000 00313nam a2200121Ia 4500
005 20251222144812.0
008 251222s9999||||xx |||||||||||||| ||spa||
082 _a515.7/D56P
100 _aDemidovich, B.P.
245 0 _aProblemas y Ejercicios de Análisis Matemático
264 _bLatinoamericana
942 _cLIB
999 _c20155
_d20155